[Event "XXXII Festival A"]
[Site "Arco ITA"]
[Date "2010.10.16"]
[Round "1"]
[White "Borries, Barbara"]
[Black "De Santis, Alessio"]
[WhiteElo "1904"]
[BlackElo "2300"]
[Result "0-1"]
[PlyCount "62"]
[EventDate "2010.10.16"]

1. e4 b6 2. d4 Bb7 3. Bd3 Nf6 4. Nc3 e6 5. Nge2 c5 6. O-O Nc6 7. Be3 d5 8. dxc5
bxc5 9. exd5 exd5 10. Bg5 Be7 11. Ng3 g6 12. Re1 O-O 13. Bf1 d4 14. Bxf6 Bxf6
15. Nce4 Be7 16. c3 Qb6 17. cxd4 Nxd4 18. Qc1 Rad8 19. Bc4 Kg7 20. Rb1 Qc6 21.
Bf1 h6 22. f4 f5 23. Nf2 Bf6 24. b3 h5 25. Ne2 Rfe8 26. Nxd4 Bxd4 27. Qc2 h4
28. h3 Qd6 29. Kh1 Qxf4 30. Nd3 Qg3 31. Re2 Qxh3# 0-1

[Event "XXXII Festival A"]
[Site "Arco ITA"]
[Date "2010.10.16"]
[Round "1"]
[White "Brunetti, Marco"]
[Black "Kierzek, Matthias"]
[Result "0-1"]
[WhiteElo "1838"]
[BlackElo "2145"]
[PlyCount "70"]
[EventDate "2010.10.16"]

1. e4 c6 2. d4 d5 3. Nc3 dxe4 4. Nxe4 Bf5 5. Ng3 Bg6 6. Nf3 Nd7 7. h4 h6 8. h5
Bh7 9. c3 Qc7 10. Bd3 Bxd3 11. Qxd3 e6 12. Ne4 Ngf6 13. g3 Nxe4 14. Qxe4 Nf6
15. Qe2 Bd6 16. Nd2 O-O-O 17. Nc4 Nd5 18. Nxd6+ Qxd6 19. c4 Nb6 20. c5 Qd5 21.
Rh4 Nd7 22. Be3 f5 23. b4 e5 24. Rd1 e4 25. b5 cxb5 26. Qxb5 Ne5 27. Qa4 Nf3+
28. Kf1 Nxh4 29. c6 g5 30. Qxa7 Qb5+ 31. Kg1 Nf3+ 32. Kg2 bxc6 33. a4 Qb7 34.
Qc5 Rd5 35. Qc4 Kd7 0-1

[Event "XXXII Festival A"]
[Site "Arco ITA"]
[Date "2010.10.16"]
[Round "1"]
[White "Buck, Klaus-Michael"]
[Black "Knors, Rudi"]
[Result "0-1"]
[WhiteElo "1818"]
[BlackElo "2123"]
[PlyCount "79"]
[EventDate "2010.10.16"]

1. b4 d5 2. Bb2 Qd6 3. a3 e5 4. Nf3 Nd7 5. e3 Ngf6 6. c4 c6 7. cxd5 Nxd5 8. Bc4
Be7 9. Nc3 O-O 10. Qb3 N5b6 11. Ne4 Qg6 12. Ng3 Nxc4 13. Qxc4 Nb6 14. Qb3 Be6
15. Qd1 f6 16. Qb1 a5 17. bxa5 Nc4 18. Qxg6 hxg6 19. Bc3 Nxa5 20. O-O Nb3 21.
Ra2 Bxa3 22. Rxa3 Rxa3 23. Bb4 Ra4 24. Bxf8 Kxf8 25. Ne2 Ra2 26. Nc3 Rc2 27.
Ne4 Bd5 28. d3 Bxe4 29. dxe4 b5 30. h3 b4 31. Nh4 Kf7 32. f4 exf4 33. exf4 Nc5
34. Rb1 b3 35. Nf3 b2 36. Kh2 Nxe4 37. Nd4 Nc3 38. Nxc2 Nxb1 39. Nb4 Nc3 40.
Nxc6 0-1

[Event "XXXII Festival A"]
[Site "Arco ITA"]
[Date "2010.10.16"]
[Round "1"]
[White "Calavalle, Giulio"]
[Black "Cottarelli, Franco"]
[WhiteElo "2238"]
[BlackElo "1889"]
[Result "1-0"]
[PlyCount "55"]
[EventDate "2010.10.16"]

1. e4 e5 2. Bc4 Bc5 3. Nc3 Nf6 4. d3 c6 5. Bg5 h6 6. Bh4 b5 7. Bb3 a5 8. a3 d6
9. Nge2 Bg4 10. h3 Be6 11. Bxe6 fxe6 12. d4 exd4 13. Nxd4 Qe7 14. O-O O-O 15.
Qd3 Qf7 16. Nce2 Nfd7 17. Bg3 Ne5 18. Bxe5 dxe5 19. Nf3 Nd7 20. Rad1 Rad8 21.
Qc3 b4 22. axb4 axb4 23. Qc4 Qg6 24. Kh1 Rf6 25. Rxd7 Rxd7 26. Nxe5 Rxf2 27.
Nxg6 Rxf1+ 28. Kh2 1-0

[Event "XXXII Festival A"]
[Site "Arco ITA"]
[Date "2010.10.16"]
[Round "1"]
[White "Caldara, Sisto"]
[Black "Bonade', Massimo"]
[Result "0-1"]
[WhiteElo "1813"]
[BlackElo "2091"]
[PlyCount "56"]
[EventDate "2010.10.16"]

1. d4 Nf6 2. c4 e6 3. Nc3 Bb4 4. e3 b6 5. Bd3 Bb7 6. f3 O-O 7. Nge2 d5 8. O-O
c5 9. a3 cxd4 10. Nb5 Be7 11. Nbxd4 Nbd7 12. cxd5 Nxd5 13. e4 N5f6 14. b4 Ne5
15. Bb5 a6 16. Ba4 Rc8 17. Nc2 Nc4 18. Ne3 b5 19. Bb3 Qb6 20. Qd4 Qc7 21. Bd2
Rfd8 22. Qxc4 bxc4 23. Nxc4 Rd3 24. Bf4 Qd8 25. Ba2 Nh5 26. Ne5 Nxf4 27. Nxf4
Rd2 28. Bb3 Qd4+ 0-1

[Event "XXXII Festival A"]
[Site "Arco ITA"]
[Date "2010.10.16"]
[Round "1"]
[White "Camerini, Lorenzo"]
[Black "Weinberg, Emanuele"]
[Result "1-0"]
[WhiteElo "2100"]
[BlackElo "1815"]
[PlyCount "107"]
[EventDate "2010.10.16"]

1. c4 Nf6 2. g3 g6 3. Bg2 Bg7 4. Nc3 d6 5. d4 O-O 6. e3 Nbd7 7. Nge2 e5 8. O-O
c6 9. b3 Re8 10. Ba3 exd4 11. Nxd4 Nc5 12. Qc2 Qe7 13. h3 Nce4 14. Bb2 Nxg3 15.
fxg3 Qxe3+ 16. Qf2 Bh6 17. Rae1 Qxf2+ 18. Kxf2 Bd7 19. Bc1 Bg7 20. Rd1 d5 21.
cxd5 cxd5 22. Rfe1 Rxe1 23. Kxe1 Re8+ 24. Kf2 Ne4+ 25. Nxe4 dxe4 26. Be3 a6 27.
Rc1 Be5 28. Rc5 f5 29. Rd5 Bc8 30. a4 Kf7 31. Bf1 Kf6 32. h4 Kf7 33. Bc4 Kg7
34. Ne2 Kf6 35. Bf4 Bxf4 36. gxf4 Re7 37. Ke3 Rd7 38. Rxd7 Bxd7 39. a5 h6 40.
Kd4 g5 41. hxg5+ hxg5 42. fxg5+ Kxg5 43. Ke5 Bb5 44. Bxb5 axb5 45. Nd4 e3 46.
b4 Kg4 47. Nxf5 e2 48. Ne3+ Kf3 49. Nc2 Kf2 50. Kd5 e1=Q 51. Nxe1 Kxe1 52. Kc5
Kd2 53. Kxb5 Kc3 54. Kc5 1-0

[Event "XXXII Festival A"]
[Site "Arco ITA"]
[Date "2010.10.16"]
[Round "1"]
[White "Casagrande, Fabio"]
[Black "Giaracuni, Claudio"]
[Result "1/2-1/2"]
[WhiteElo "2010"]
[BlackElo "1784"]
[PlyCount "108"]
[EventDate "2010.10.16"]

1. e4 e6 2. d4 d5 3. Nd2 c5 4. exd5 Qxd5 5. Ngf3 cxd4 6. Bc4 Qd8 7. O-O Nc6 8.
Nb3 Nf6 9. Nfxd4 Nxd4 10. Nxd4 a6 11. c3 Be7 12. Qf3 O-O 13. Re1 Qc7 14. Bb3
Rd8 15. Bf4 Bd6 16. Bg3 Rb8 17. Rad1 e5 18. Nf5 Bxf5 19. Qxf5 e4 20. Rxd6 Rxd6
21. Bxd6 Qxd6 22. Rd1 Qe7 23. Qf4 Rd8 24. Re1 Qd6 25. Qxd6 Rxd6 26. Kf1 Kf8 27.
Ke2 Ng4 28. h3 Ne5 29. Bc2 f5 30. Rd1 Rxd1 31. Bxd1 g5 32. Bc2 h5 33. b3 Ke7
34. Ke3 Kd6 35. a4 Kc5 36. Bd1 h4 37. Be2 a5 38. f3 exf3 39. gxf3 Ng6 40. Bc4
b6 41. Kd2 Ne7 42. Kd3 Ng6 43. Ke3 Nf4 44. Bf1 Nd5+ 45. Kd2 Nf4 46. Kc2 g4 47.
fxg4 fxg4 48. hxg4 h3 49. Bxh3 Nxh3 50. Kd3 Nf2+ 51. Kc2 Nxg4 52. Kb2 Ne3 53.
Ka3 Nc2+ 54. Kb2 Ne1 1/2-1/2

[Event "XXXII Festival A"]
[Site "Arco ITA"]
[Date "2010.10.16"]
[Round "1"]
[White "Dalponte, Dino"]
[Black "Pedrotti, Luciano"]
[Result "1-0"]
[WhiteElo "2141"]
[BlackElo "1833"]
[PlyCount "77"]
[EventDate "2010.10.16"]

1. d4 Nf6 2. Nf3 e6 3. c3 d5 4. Bg5 Be7 5. Nbd2 Nbd7 6. e3 O-O 7. Bd3 h6 8. Bh4
b6 9. O-O c5 10. Qe2 Bb7 11. Ne5 Ne4 12. Bxe7 Qxe7 13. f4 Ndf6 14. Rad1 a6 15.
Bxe4 dxe4 16. Ndc4 b5 17. Nb6 Rad8 18. dxc5 Qxc5 19. Nbd7 Nxd7 20. Nxd7 Rxd7
21. Rxd7 Bd5 22. Qd2 Qc6 23. Ra7 Ra8 24. Rxa8+ Qxa8 25. b3 Qc8 26. Qd4 Qc7 27.
Rc1 Qa5 28. Rc2 Kh7 29. Kf2 Qd8 30. g3 Qa5 31. Qc5 Bxb3 32. axb3 Qa1 33. Kg2
Qd1 34. Rf2 Qxb3 35. f5 a5 36. fxe6 fxe6 37. Qe5 Qd5 38. Qxd5 exd5 39. Rb2 1-0

[Event "XXXII Festival A"]
[Site "Arco ITA"]
[Date "2010.10.16"]
[Round "1"]
[White "De Andres Gonalons, Fernando"]
[Black "Galas, Franco"]
[Result "1-0"]
[WhiteElo "2041"]
[BlackElo "1794"]
[PlyCount "111"]
[EventDate "2010.10.16"]

1. d4 f5 2. g3 Nf6 3. Bg2 g6 4. c4 Bg7 5. Nf3 d6 6. O-O O-O 7. Nc3 c6 8. Re1
Qc7 9. e4 Nxe4 10. Nxe4 fxe4 11. Rxe4 Bf5 12. Re3 Bg4 13. h3 Bxf3 14. Rxf3 Nd7
15. Rd3 Rf7 16. Be3 Raf8 17. Rc1 Nf6 18. Rc2 Nh5 19. b4 Qb8 20. d5 Rc8 21. dxc6
bxc6 22. b5 Nf6 23. bxc6 Kh8 24. Rb3 Qc7 25. Rb7 Qa5 26. Rxa7 Qf5 27. c7 Ne4
28. Qd3 Nxg3 29. Qxf5 Nxf5 30. Ra8 Rff8 31. Rxc8 Rxc8 32. Bb6 Bd4 33. c5 Bxc5
34. Rxc5 dxc5 35. Bb7 Nd6 36. Bxc8 Nxc8 37. Bxc5 Kg8 38. a4 Kf7 39. a5 Ke8 40.
a6 Kd7 41. a7 Nxa7 42. Bxa7 Kxc7 43. Be3 Kd6 44. Kg2 Ke5 45. Kg3 Kf5 46. Kh4 e6
47. Bd2 e5 48. Bh6 Ke4 49. Kg4 Kd5 50. h4 Kd4 51. h5 Kd3 52. hxg6 hxg6 53. Be3
Ke4 54. Kg5 Kf3 55. Kxg6 Kg4 56. Kf6 1-0

[Event "XXXII Festival A"]
[Site "Arco ITA"]
[Date "2010.10.16"]
[Round "1"]
[White "De Simone Sorrentino, Fabio"]
[Black "Ricci, Alfredo"]
[Result "0-1"]
[WhiteElo "1711"]
[BlackElo "1969"]
[PlyCount "96"]
[EventDate "2010.10.16"]

1. e4 c5 2. Nf3 e6 3. d4 cxd4 4. Nxd4 a6 5. Nc3 d6 6. Bd3 Nf6 7. h3 b5 8. a3
Bb7 9. O-O Nbd7 10. b4 Be7 11. Nf3 O-O 12. Re1 Qc7 13. Bb2 Nb6 14. e5 dxe5 15.
Nxe5 Rfd8 16. Qe2 Nbd5 17. Nxd5 Bxd5 18. Ng4 Nxg4 19. Qxg4 Bf8 20. Re5 f5 21.
Qh5 g6 22. Qe2 Bg7 23. Rxd5 exd5 24. Bxg7 Kxg7 25. Qd2 Re8 26. Qg5 Qc3 27. Qc1
Re7 28. Ra2 Rae8 29. Qb2 Re1+ 30. Kh2 Qxb2 31. Rxb2 Ra1 32. Rb3 d4 33. Kg3 Rc8
34. Kf4 Kf6 35. Kf3 Rc3 36. Ke2 Rxb3 37. cxb3 Rxa3 38. Bc2 Ke5 39. Kd3 Ra1 40.
g3 g5 41. Ke2 h5 42. Bd1 h4 43. Kd2 hxg3 44. fxg3 f4 45. gxf4+ Kxf4 46. Bg4 Ke4
47. Kc2 d3+ 48. Kb2 Rg1 0-1

[Event "XXXII Festival A"]
[Site "Arco ITA"]
[Date "2010.10.16"]
[Round "1"]
[White "Di Lazzaro, Gabriele"]
[Black "Grinza, Andrea"]
[WhiteElo "1901"]
[BlackElo "2239"]
[Result "1-0"]
[PlyCount "85"]
[EventDate "2010.10.16"]

1. e4 c6 2. d4 d5 3. e5 Bf5 4. Nf3 e6 5. Be2 Nd7 6. O-O c5 7. c4 Ne7 8. Nc3
dxc4 9. Bxc4 Bg4 10. dxc5 Bxf3 11. Qxf3 Nc6 12. Bf4 Bxc5 13. Qg3 Qe7 14. Rac1
h6 15. h4 Nd4 16. Bd3 g6 17. Na4 b5 18. Nc3 a6 19. Be3 Rd8 20. Ne2 Nf5 21. Bxf5
gxf5 22. Nd4 Bxd4 23. Bxd4 Qf8 24. Qe3 Rg8 25. g3 Rg4 26. f4 Qg7 27. Kh2 Kf8
28. Rfd1 Kg8 29. Bb6 Nxb6 30. Rxd8+ Kh7 31. Rg1 Nd5 32. Qf2 Qg6 33. Rc1 Qg7 34.
a3 f6 35. Rcc8 fxe5 36. Rh8+ Qxh8 37. Rxh8+ Kxh8 38. fxe5 Re4 39. Qc5 Kg7 40.
Qa7+ Kf8 41. Qxa6 Re2+ 42. Kg1 Rxe5 43. Qd6+ 1-0

[Event "XXXII Festival A"]
[Site "Arco ITA"]
[Date "2010.10.16"]
[Round "1"]
[White "Diotallevi, Maurizio"]
[Black "Maddaloni, Giovanni"]
[Result "1-0"]
[WhiteElo "2060"]
[BlackElo "1801"]
[PlyCount "111"]
[EventDate "2010.10.16"]

1. d4 Nf6 2. Bg5 g6 3. Bxf6 exf6 4. e3 Bg7 5. Bd3 f5 6. Nh3 c5 7. c3 cxd4 8.
cxd4 O-O 9. Nc3 d6 10. Nf4 Nc6 11. h4 Re8 12. Kf1 Bd7 13. Nfd5 Ne7 14. Nf4 Qa5
15. Qb3 b5 16. Qd1 b4 17. Nce2 Rac8 18. Kg1 Ba4 19. Qd2 Bb5 20. Nc1 Bc4 21. a3
Rc7 22. Qxb4 Qxb4 23. axb4 Rec8 24. Bxc4 Rxc4 25. Ncd3 R8c7 26. Ra6 R4c6 27.
Ra5 Bh6 28. Nd5 Nxd5 29. Rxd5 a6 30. Kh2 Bf8 31. Rd1 h5 32. Ra5 Be7 33. g3 Rb7
34. Rda1 Rbb6 35. d5 Rc2 36. Rxa6 Rxa6 37. Rxa6 Rd2 38. Ra3 Kg7 39. b5 Bd8 40.
Kg2 Bb6 41. Kf3 Kf6 42. b4 Bc7 43. Rc3 Bd8 44. Nf4 Rb2 45. Rc8 Ke7 46. Rc4 Kd7
47. Ne2 Rd2 48. Nd4 Bb6 49. Rc3 Rd1 50. Ke2 Rb1 51. Nc6 Ra1 52. Nb8+ Kd8 53.
Rc6 Ra2+ 54. Kf3 Ra3 55. Rxb6 Kc7 56. Ra6 1-0

[Event "XXXII Festival A"]
[Site "Arco ITA"]
[Date "2010.10.16"]
[Round "1"]
[White "Farago, Ivan"]
[Black "De Minico, Stefano"]
[WhiteElo "2420"]
[BlackElo "1921"]
[Result "1-0"]
[PlyCount "35"]
[EventDate "2010.10.16"]

1. d4 Nf6 2. c4 e6 3. Nf3 d5 4. Nc3 Bb4 5. Bg5 c6 6. e3 Nbd7 7. cxd5 exd5 8.
Bd3 O-O 9. Qc2 h6 10. Bh4 Bxc3+ 11. bxc3 Re8 12. Nd2 Nb6 13. O-O g5 14. Bg3 Nh5
15. Be5 Nd7 16. f4 f6 17. Bg6 fxe5 18. Bxh5 1-0

[Event "XXXII Festival A"]
[Site "Arco ITA"]
[Date "2010.10.16"]
[Round "1"]
[White "Ferrari, Michele"]
[Black "Riepma, Henk"]
[Result "0-1"]
[WhiteElo "1808"]
[BlackElo "2079"]
[PlyCount "78"]
[EventDate "2010.10.16"]

1. d4 d5 2. e3 c6 3. Bd3 Nf6 4. Nd2 Bg4 5. f3 Bh5 6. Ne2 e6 7. O-O Bg6 8. e4
Be7 9. c3 Nbd7 10. Nf4 Qb6 11. a4 e5 12. a5 Qc7 13. Ne2 O-O 14. c4 exd4 15.
Nxd4 Ne5 16. Qe2 Bc5 17. N2b3 Bxd4+ 18. Nxd4 Nxd3 19. Qxd3 dxe4 20. fxe4 Nxe4
21. Qh3 Qe5 22. Be3 Ng5 23. Bxg5 Qxd4+ 24. Be3 Qxc4 25. Rf4 Qe6 26. Qg3 Rfe8
27. Bd4 Qd5 28. Bc3 f6 29. Rb4 b6 30. Qc7 c5 31. Rf4 b5 32. Rff1 b4 33. Rad1
Qg5 34. Bd2 Qe5 35. Qd7 Rad8 36. Qg4 Bh5 37. Qc4+ Qe6 38. Qb5 Bxd1 39. Re1 Be2
0-1

[Event "XXXII Festival A"]
[Site "Arco ITA"]
[Date "2010.10.16"]
[Round "1"]
[White "Fodor, Tamas jr"]
[Black "Morselli, Stefano"]
[WhiteElo "2451"]
[BlackElo "1924"]
[Result "1-0"]
[PlyCount "47"]
[EventDate "2010.10.16"]

1. d4 Nf6 2. c4 e5 3. dxe5 Ne4 4. a3 b6 5. Nf3 Bb7 6. g3 Be7 7. Bg2 f6 8. exf6
Bxf6 9. O-O Nc6 10. Nfd2 Nd6 11. Ra2 O-O 12. b4 Qe7 13. Nb3 Nxb4 14. Bxb7 Nxa2
15. Bxa8 c6 16. Bd2 Nxc4 17. Qc2 Nxa3 18. Qxa2 Nxb1 19. Bxc6 dxc6 20. Rxb1 Kh8
21. Be3 Rd8 22. Nd2 Bc3 23. Nf3 c5 24. Ng5 1-0

[Event "XXXII Festival A"]
[Site "Arco ITA"]
[Date "2010.10.16"]
[Round "1"]
[White "Gardini, Enrico"]
[Black "Prelati, Maurizio"]
[Result "1/2-1/2"]
[WhiteElo "1815"]
[BlackElo "2111"]
[PlyCount "58"]
[EventDate "2010.10.16"]

1. c4 c5 2. Nc3 g6 3. Nf3 Nc6 4. g3 Bg7 5. Bg2 Nf6 6. O-O O-O 7. Rb1 d6 8. d3
e5 9. Bg5 Be6 10. a3 Qd7 11. Re1 Rae8 12. Qd2 Nd4 13. Bxf6 Bxf6 14. Ne4 Nxf3+
15. Bxf3 Bg7 16. Bg2 b6 17. b4 d5 18. cxd5 Bxd5 19. bxc5 Bxe4 20. Bxe4 bxc5 21.
Qc2 Rc8 22. Rb7 Rc7 23. Reb1 Rfc8 24. Qc4 Bf8 25. Qa6 f5 26. Qc4+ Kg7 27. Bd5
Rxb7 28. Rxb7 Rc7 29. Rxc7 Qxc7 1/2-1/2

[Event "XXXII Festival A"]
[Site "Arco ITA"]
[Date "2010.10.16"]
[Round "1"]
[White "Giuriato, Sergio"]
[Black "Vaccari, Giorgio"]
[Result "1-0"]
[WhiteElo "1935"]
[BlackElo "1613"]
[PlyCount "69"]
[EventDate "2010.10.16"]

1. d4 Nf6 2. c4 d5 3. cxd5 Nxd5 4. Nf3 Bf5 5. Qb3 Nb6 6. Nc3 e6 7. e4 Bg6 8.
Be2 h6 9. O-O Be7 10. Bf4 a6 11. Rfd1 N8d7 12. a4 Rb8 13. a5 Na8 14. d5 e5 15.
Nxe5 Nxe5 16. Bxe5 O-O 17. Qc4 Bd6 18. Bxd6 cxd6 19. Qd4 Re8 20. b4 Nc7 21. f3
f6 22. Rac1 Re7 23. Qb6 Be8 24. Kf2 Na8 25. Qxd8 Rxd8 26. b5 Nc7 27. b6 Nb5 28.
Bxb5 axb5 29. Rb1 Rc8 30. Nxb5 Bxb5 31. Rxb5 Rc2+ 32. Kg3 Re8 33. Ra1 Rec8 34.
a6 bxa6 35. Rxa6 1-0

[Event "XXXII Festival A"]
[Site "Arco ITA"]
[Date "2010.10.16"]
[Round "1"]
[White "Helbig, Dieter"]
[Black "La Manna, Andrea"]
[WhiteElo "1872"]
[BlackElo "2196"]
[Result "0-1"]
[PlyCount "74"]
[EventDate "2010.10.16"]

1. c4 f5 2. Nc3 Nf6 3. Nf3 g6 4. g3 Bg7 5. Bg2 O-O 6. O-O d6 7. d3 Nc6 8. Rb1
a5 9. a3 Nh5 10. Qb3 Kh8 11. Nd5 e6 12. Nf4 Nf6 13. Bd2 Qe8 14. e3 h6 15. Bc3
g5 16. Ne2 e5 17. Nd2 Qg6 18. Qc2 f4 19. Ne4 Ng4 20. exf4 gxf4 21. gxf4 exf4
22. Bxg7+ Qxg7 23. Qc3 f3 24. Qxg7+ Kxg7 25. N2g3 fxg2 26. Kxg2 Bd7 27. Ne2
Rae8 28. Rbe1 Nce5 29. Nc1 Nf6 30. Nd2 Bc6+ 31. Kg3 Nh5+ 32. Kh4 Rf4+ 33. Kh3
Ref8 34. Ne4 Rg4 35. Ne2 Bxe4 36. dxe4 Rf3+ 37. Ng3 Nf4# 0-1

[Event "XXXII Festival A"]
[Site "Arco ITA"]
[Date "2010.10.16"]
[Round "1"]
[White "Hilbenz, Guntram"]
[Black "Vezzosi, Paolo"]
[WhiteElo "1912"]
[BlackElo "2347"]
[Result "0-1"]
[PlyCount "98"]
[EventDate "2010.10.16"]

1. Nf3 Nf6 2. c4 c5 3. g3 b6 4. Bg2 Bb7 5. b3 g6 6. Bb2 Bg7 7. Nc3 O-O 8. O-O
d6 9. e3 Nbd7 10. Qe2 a6 11. Rfd1 Qb8 12. d3 b5 13. Ne1 b4 14. Nd5 Bxd5 15.
cxd5 a5 16. Bh3 Nb6 17. e4 a4 18. Ng2 Ra7 19. Ne3 Qb7 20. Nc4 Rfa8 21. Rdb1 a3
22. Bxf6 Bxf6 23. e5 dxe5 24. Nxb6 Qxb6 25. Rd1 e4 26. Rac1 exd3 27. Rxd3 Rd8
28. Rc4 Bd4 29. Bg2 Rd6 30. h4 Rf6 31. Rf3 Rd7 32. Rxf6 Qxf6 33. Qf3 Qg7 34.
Kf1 Rd6 35. Qe4 Qf6 36. f4 e5 37. Ke2 exf4 38. Qxf4 Qd8 39. Rc2 Rf6 40. Qg4 h5
41. Qe4 Rf5 42. Kd1 Qd6 43. Qd3 Bf2 44. g4 hxg4 45. h5 Rf4 46. Kc1 gxh5 47. Qb5
Be3+ 48. Kb1 Qe5 49. d6 Rd4 0-1

[Event "XXXII Festival A"]
[Site "Arco ITA"]
[Date "2010.10.16"]
[Round "1"]
[White "Joerges, Frank"]
[Black "Bottesi, Gianluca"]
[Result "1/2-1/2"]
[WhiteElo "1955"]
[BlackElo "1704"]
[PlyCount "88"]
[EventDate "2010.10.16"]

1. d4 Nf6 2. Nf3 g6 3. e3 Bg7 4. c4 O-O 5. Nc3 d6 6. Bd3 c5 7. d5 Na6 8. O-O
Nc7 9. h3 a6 10. a4 e6 11. e4 exd5 12. exd5 Bd7 13. Bf4 Be8 14. a5 Rb8 15. Qd2
b5 16. b3 Nh5 17. Bh6 Bd7 18. Bxg7 Kxg7 19. Ne4 Ne8 20. Rfe1 Nhf6 21. Qc3 Kg8
22. Re3 Nxe4 23. Bxe4 Qf6 24. Qxf6 Nxf6 25. Nd2 Rfe8 26. f3 Nh5 27. Kf2 bxc4
28. Nxc4 f5 29. Bc2 Rxe3 30. Nxe3 Bb5 31. g3 f4 32. gxf4 Nxf4 33. h4 Bd3 34.
Bd1 Rb4 35. Ra2 Rd4 36. Ra4 Rxa4 37. bxa4 c4 38. Kg3 Ne2+ 39. Bxe2 Bxe2 40. Kf2
Bd3 41. Nd1 Bc2 42. Nc3 Kf7 43. f4 Kf6 44. Ke3 Ke7 1/2-1/2

[Event "XXXII Festival A"]
[Site "Arco ITA"]
[Date "2010.10.16"]
[Round "1"]
[White "Kern, Beat"]
[Black "Garvani, Vittorio"]
[Result "1/2-1/2"]
[WhiteElo "1668"]
[BlackElo "1940"]
[PlyCount "43"]
[EventDate "2010.10.16"]

1. Nf3 d5 2. d4 Nf6 3. c4 e6 4. e3 c6 5. Bd3 Bd6 6. O-O O-O 7. Nc3 Nbd7 8. e4
dxe4 9. Nxe4 Nxe4 10. Bxe4 h6 11. Re1 Re8 12. Bd2 e5 13. Bc3 Qc7 14. Rc1 g6 15.
Bb1 c5 16. dxe5 Nxe5 17. Nxe5 Bxe5 18. Bxe5 Rxe5 19. Qf3 Rb8 20. b3 b6 21. Qc3
Rxe1+ 22. Rxe1 1/2-1/2

[Event "XXXII Festival A"]
[Site "Arco ITA"]
[Date "2010.10.16"]
[Round "1"]
[White "Lezzerini, Marco"]
[Black "Varadi, Benedek"]
[Result "1/2-1/2"]
[WhiteElo "1674"]
[BlackElo "1950"]
[PlyCount "64"]
[EventDate "2010.10.16"]

1. d4 d5 2. c4 c6 3. cxd5 cxd5 4. Nc3 Nf6 5. Bf4 Nc6 6. e3 Qb6 7. Qd2 Bf5 8.
Nf3 e6 9. a3 Nh5 10. Bg3 Nxg3 11. hxg3 h6 12. Na4 Qb3 13. Nc5 Bxc5 14. dxc5 b6
15. Rc1 bxc5 16. Rxc5 Qb6 17. Rb5 Qc7 18. Rc5 Qb6 19. Qc3 Ne7 20. Qxg7 Qxc5 21.
Qxh8+ Kd7 22. Qc3 Qxc3+ 23. bxc3 Rb8 24. Nd2 Rb2 25. Rxh6 Nc6 26. a4 Rc2 27.
Rh4 Ne5 28. Bb5+ Kd6 29. e4 dxe4 30. Nxe4+ Bxe4 31. Rxe4 Rxc3 32. Kd2 Ra3
1/2-1/2

[Event "XXXII Festival A"]
[Site "Arco ITA"]
[Date "2010.10.16"]
[Round "1"]
[White "Luciani, Carlo"]
[Black "Marini, Lucio"]
[WhiteElo "2230"]
[BlackElo "1883"]
[Result "1-0"]
[PlyCount "91"]
[EventDate "2010.10.16"]

1. e4 c5 2. Nf3 d6 3. d4 cxd4 4. Nxd4 Nf6 5. Nc3 a6 6. Be2 e6 7. f4 Be7 8. a4
b6 9. Bf3 Bb7 10. e5 Bxf3 11. Qxf3 dxe5 12. Nxe6 fxe6 13. Qxa8 O-O 14. Bd2 Ng4
15. Qf3 Nh6 16. O-O-O Qc7 17. Qe2 Nc6 18. Qc4 Qc8 19. Rde1 Nf5 20. Rhf1 Rd8 21.
fxe5 Rd4 22. Qe2 Bb4 23. g4 Nfe7 24. Qf2 Nd5 25. Qf7+ Kh8 26. Nxd5 Bxd2+ 27.
Kb1 Qg8 28. Qxg8+ Kxg8 29. Nxb6 Bxe1 30. Rxe1 Kf7 31. h3 a5 32. b3 Rd2 33. Nc4
Rh2 34. Re3 Ke7 35. Rc3 Kd7 36. Rd3+ Ke7 37. Re3 g6 38. Kb2 h5 39. gxh5 gxh5
40. Rg3 Kf7 41. Nd6+ Kf8 42. Nb7 Ke7 43. Rc3 Kd7 44. Nc5+ Ke7 45. Nxe6 Nxe5 46.
Ng7 1-0

[Event "XXXII Festival A"]
[Site "Arco ITA"]
[Date "2010.10.16"]
[Round "1"]
[White "Mircoli, Filippo"]
[Black "Sautto, Alessandra"]
[Result "0-1"]
[WhiteElo "1699"]
[BlackElo "1955"]
[PlyCount "58"]
[EventDate "2010.10.16"]

1. e4 d5 2. exd5 Qxd5 3. Nc3 Qd8 4. d4 c6 5. Nf3 Bf5 6. Bd3 Bxd3 7. Qxd3 Nf6 8.
O-O e6 9. Bf4 Bd6 10. Bg5 Nbd7 11. Ne4 Be7 12. Rad1 Nxe4 13. Bxe7 Nxf2 14. Bxd8
Nxd3 15. Ba5 Nxb2 16. Rb1 Nc4 17. Bc7 b5 18. a4 a6 19. d5 cxd5 20. axb5 axb5
21. Rxb5 O-O 22. Bf4 Ra2 23. Rb7 Nc5 24. Rc7 Ne4 25. Ng5 Nxg5 26. Bxg5 f6 27.
Bh4 Rxc2 28. Rf3 Ne3 29. Rxe3 Rxc7 0-1

[Event "XXXII Festival A"]
[Site "Arco ITA"]
[Date "2010.10.16"]
[Round "1"]
[White "Molnar, Bela"]
[Black "Savoia, Sergio"]
[WhiteElo "2330"]
[BlackElo "1909"]
[Result "1-0"]
[PlyCount "47"]
[EventDate "2010.10.16"]

1. e4 d5 2. exd5 Nf6 3. d4 Nxd5 4. c4 Nb6 5. Nf3 Bg4 6. c5 Nd5 7. Qb3 Bxf3 8.
Qxb7 Nb4 9. gxf3 Nc2+ 10. Kd1 Nxd4 11. Qxa8 e5 12. Bg5 f6 13. Bd2 Bxc5 14. Bc4
c6 15. Rg1 Nxf3 16. Qb7 Nd7 17. Rxg7 Be7 18. Kc1 Nxd2 19. Nxd2 f5 20. Kc2 e4
21. Rag1 Ne5 22. f4 e3 23. fxe5 Qxd2+ 24. Kb1 1-0

[Event "XXXII Festival A"]
[Site "Arco ITA"]
[Date "2010.10.16"]
[Round "1"]
[White "Mombelli, Antonio"]
[Black "Billio, Atto"]
[Result "0-1"]
[WhiteElo "1828"]
[BlackElo "2138"]
[PlyCount "50"]
[EventDate "2010.10.16"]

1. e4 c5 2. c3 Nf6 3. e5 Nd5 4. Nf3 e6 5. Bc4 d6 6. O-O Be7 7. d4 O-O 8. Qe2
Nc6 9. Na3 cxd4 10. cxd4 b6 11. Nc2 Bb7 12. Bd2 Rc8 13. Rac1 Rc7 14. Bxd5 exd5
15. e6 Bf6 16. Rfe1 Kh8 17. exf7 Rcxf7 18. Be3 Ne7 19. Bd2 Ng6 20. Be3 Bc8 21.
Qd3 Bg4 22. Nd2 Qd7 23. Nf1 Nh4 24. Ng3 Bh3 25. gxh3 Qxh3 0-1

[Event "XXXII Festival A"]
[Site "Arco ITA"]
[Date "2010.10.16"]
[Round "1"]
[White "Moncelli, Giorgio"]
[Black "De Polzer, Manfredi"]
[Result "1-0"]
[WhiteElo "2089"]
[BlackElo "1809"]
[PlyCount "47"]
[EventDate "2010.10.16"]

1. Nf3 c5 2. c4 Nc6 3. g3 e5 4. Nc3 Nf6 5. Bg2 d5 6. cxd5 Nxd5 7. Nxe5 Nxc3 8.
Nxc6 Qc7 9. dxc3 Bd6 10. Na5 O-O 11. Nc4 Rd8 12. Nxd6 Rxd6 13. Qc2 Qe7 14. O-O
Bg4 15. Bf4 Re6 16. e4 Re8 17. f3 Bh5 18. Bh3 g5 19. Bxe6 gxf4 20. Bf5 fxg3 21.
hxg3 Qg5 22. Kg2 Bg6 23. Bxg6 hxg6 24. Rad1 1-0

[Event "XXXII Festival A"]
[Site "Arco ITA"]
[Date "2010.10.16"]
[Round "1"]
[White "Nemeth, Gergely"]
[Black "Straubinger, Daniel"]
[WhiteElo "1889"]
[BlackElo "2235"]
[Result "1-0"]
[PlyCount "99"]
[EventDate "2010.10.16"]

1. e4 c6 2. c4 d5 3. exd5 cxd5 4. cxd5 Nf6 5. Nc3 g6 6. d4 Bg7 7. Bc4 O-O 8.
Nge2 Nbd7 9. d6 exd6 10. O-O Nb6 11. Bb3 d5 12. Bg5 Bg4 13. f3 Bf5 14. Nf4 h6
15. Bxf6 Qxf6 16. Kh1 Qxd4 17. Nfxd5 Nxd5 18. Bxd5 Rad8 19. Qxd4 Bxd4 20. Rad1
Bg7 21. g4 Bc8 22. Rfe1 Rfe8 23. Re4 Bxc3 24. bxc3 Rxe4 25. fxe4 Kg7 26. h3 b6
27. Kg2 Be6 28. Rd4 Kf6 29. Bxe6 Rxd4 30. cxd4 Kxe6 31. Kf3 b5 32. Ke3 a5 33.
h4 f5 34. gxf5+ gxf5 35. d5+ Ke5 36. exf5 Kxd5 37. f6 Ke6 38. Kd4 Kxf6 39. Kc5
Kg6 40. Kxb5 Kh5 41. Kxa5 Kxh4 42. Kb5 Kg3 43. a4 h5 44. a5 h4 45. a6 h3 46. a7
Kg2 47. a8=Q+ Kg1 48. Qg8+ Kh1 49. Qf7 h2 50. Qf1# 1-0